000 00340nam a2200145Ia 4500
005 20251222143115.0
008 251222s9999||||xx |||||||||||||| ||spa||
020 _a950-537-558-1
082 _a657/S26
100 _aSasso, Hugo Luis
245 0 _aEl Proceso Contable
250 _a5a. ed.
264 _bMacchi Grupo Editor
942 _cLIB
999 _c11301
_d11301